Paroles - Niska - Siliconé - Statistiques

Statistiques générales
  • Ce quiz a été pris 200 fois
  • Le résultat moyen est 244 sur 500
Statistiques - réponses
paroles % Correct
si
98%
Si
98%
tu
97%
a
96%
à
96%
con
96%
nous
96%
le
95%
bien
94%
connais
94%
les
94%
sais
93%
bonne
92%
qu'on
92%
Sale
90%
sale
90%
aimes
87%
la
84%
bonnes
81%
de
79%
on
78%
pour
77%
est
75%
des
73%
c'est la base
70%
bad
68%
boy
68%
devenu
66%
siliconées
65%
bye
61%
me
61%
ce
56%
money
55%
ça
54%
pas
54%
c'est
53%
dans
44%
je
44%
my
42%
te
42%
base
41%
elle
41%
mêmes
40%
y
40%
qui
39%
ne
38%
ou
38%
oh
37%
que
37%
ta
37%
chaud
35%
dit
35%
venu
35%
Charlemagne
34%
du
33%
fermé
33%
ferme
33%
god
33%
méchant
33%
mechant
33%
m'ont
33%
au
32%
et
32%
rappé
32%
couilles
31%
tribunal
30%
j'm'en
29%
Ah
28%
Balmain
28%
ils
28%
n'est
28%
potos
28%
savais
28%
bats
27%
calmer
27%
elles kiffent
27%
gros
27%
gueule
26%
inhumain
26%
j'aurais
26%
quand
26%
cannabis
25%
citoyen
25%
écoute
25%
Ibis
25%
miens
25%
ont
25%
prends
25%
regarde
25%
route
25%
l’hôtel
24%
belek
23%
bonnets
23%
dégages
23%
démarre
23%
démon
23%
devient
23%
faut
23%
normal
23%
plus
23%
toujours
23%
un
23%
après
22%
démonter
22%
disque
22%
étonnés
22%
follow
22%
gens
22%
j'te
22%
knife
22%
l'sac
22%
maintenant
22%
p'tit
22%
raconte
22%
salades
22%
sur
22%
vie
22%
dirai
21%
j'vais
21%
tchop
21%
dire
20%
elles
20%
en
20%
jouent
20%
m'appelles
20%
mort
20%
paye
20%
police
20%
rappelé
20%
sont
20%
par
19%
qu'ils
19%
reviens
19%
sacrifices
19%
t'arrives
19%
trop
19%
voila
19%
calculaient
18%
charbonner
18%
j'calais
18%
qu'elle
18%
toi
18%
chez
17%
fois
17%
m'aurait
17%
merde
17%
peux
17%
sonner
17%
vécu
17%
bénéfice
16%
dangereux
16%
finir
16%
m'donner
16%
mentent
16%
terrain
16%
une
16%
vas-y
16%
venir
16%
compliqué
15%
diamant
15%
j'ai
15%
kiffent
15%
récompense
15%
temps
15%
comment
14%
donner
14%
tu-ba
14%
affamés
13%
j'suis
13%
l'anarchie
13%
avec
12%
avoir
12%
finira
12%
leur
12%
prêts
12%
scarlas
12%
tess
12%
aura
11%
charognard
11%
coucher
11%
dalle
11%
d'communiquer
11%
depuis
11%
d'l'économie
11%
gé-chan
11%
l'jeu
11%
moment
11%
n’côtoie
11%
rate
11%
saliront
11%
sommet
11%
tendance
11%
couper
10%
demande
10%
ponts
10%
agira
9%
c'que
9%
j'veux
9%
lawiss
9%
personnes
9%
qu'est-ce
9%
rien
9%
graille
8%
l'occas
8%
penses
8%
puis
8%
répondras
8%
sévérité
8%
ter-chan
8%
t'façon
8%
ber-flam
7%
sortir
7%
dix
6%
c'moment
4%
qu't'en
4%
balles
3%
j'ferais
1%
j'envoie
0%
wet
0%
Aucun quiz correspondant
Distribution des résultats
% des personnes avec chaque résultat
Percentile par nombre de réponses
Votre historique - résultats
Vous n’avez pas pris ce quiz